000 00839nam a2200289Ia 4500
003 OSt
005 20220912150243.0
006 a|||||r|||| 00| 0
007 ta
008 220909b |||||||| |||| 00| 0 eng d
020 _a1852332433 (pbk)
024 _a8130
037 _bGovinda,
037 _cTextbook
040 _aCSL
_beng
_cCSL
041 _aeng
082 _aD65,8(B):(C), P0 TD
100 _aAshbourn Julian
245 0 _aBiometrics: advanced identity verification,the complete guide
260 _aBerlin
_bSpringer-Verlag
_c2000
300 _axviii,200p.
_ccm. Includes with CD-Rom
500 _aIndex 195-200p.
_ccm.
650 _a Pattern perception
650 _aComputer science
942 _hD65,8(B):(C), P0 TD
_cTB
_2CC
999 _c43088
_d43088